Statistiche per Paesi che iniziano con la N

Clicka qui per fare il quiz!

Statistiche generali

  • Questo quiz è stato fatto 1,326 volte
  • Il punteggio medio è 6 su 8

Statistiche sulle risposte

Paese % Corretto
Norvegia
87%
Namibia
84%
Nepal
84%
Niger
84%
Nigeria
82%
Nicaragua
80%
Nuova Zelanda
74%
Nauru
63%

Distribuzione punteggi

Percentile per numero di risposta

Percentuale di utenti per punteggio

I tuoi punteggi nel tempo

Non hai fatto questo quiz